Datum a čas kvízu
29
Celkem bodů
Celkový počet nahraných bodů na tomto kvízu bez doplňovacích otázek.
11.
Pořadí na kvízu
Konečné umístění týmu na tomto kvízu.
Zaznamenané odpovědi
| # | Otázka | Odpověď | Body | Výsledky |
|---|---|---|---|---|
| 1. | Český premiér Petr Fiala se mi... | Etiopii | 0 | |
| 2. | V úterý se v jisté evropské mo... | Španělsko, princezna Leonor | 1 | |
| 3. | Ve čtvrtek měla premiéru horor... | Přišla v noci | 0 | |
| 4. | Minulý týden otevřel jistý ame... | Popeye's | 1 | |
| 5. | Že v sobotním vyhlašování anke... | Tomáš Staněk | 0 | |
| -14. | O které významné ženě 18. stol... | o Marii Antoinettě | 1 | |
| -13. | Ze dřeva kterého stromu bývají... | z dubového dřeva | 1 | |
| -12. | Jak se slovem začínajícím na p... | enologie | 0 | |
| -11. | Vinařská oblast Morava se dělí... | Velkopavlovická | 0 | |
| -10. | Brandy je pálenka vyrobená z h... | Cognac | 1 |